Vista normal
Vista MARC
Entrada Materia (personas)
Número de registros utilizados en: 1
001 - CONTROL NUMBER
- control field: 63776
003 - CONTROL NUMBER IDENTIFIER
- control field: Co-BoUCM
005 - DATE AND TIME OF LATEST TRANSACTION
- control field: 20140814091310.0
008 - FIXED-LENGTH DATA ELEMENTS
- fixed length control field: 140814|| aca||aabn | a|a d
040 ## - CATALOGING SOURCE
- Original cataloging agency: Co-BoUCM
- Transcribing agency: Co-BoUCM
100 ## - HEADING--PERSONAL NAME
- Personal name: Goyena, Pedro,
- Dates associated with a name: 1843-1892
670 ## - SOURCE DATA FOUND
- Source citation: Work cat.: (Co-BoUCM): Goyena, Pedro, 1843-1892, Crítica literaria., 1917